Exploring calculus with mathematica for the macintosh interface / (Record no. 4180)

MARC details
000 -LEADER
fixed length control field 01403nac a22003731i 4500
003 - CONTROL NUMBER IDENTIFIER
control field EG-ScBUE
005 - DATE AND TIME OF LATEST TRANSACTION
control field 20241008090721.0
006 - FIXED-LENGTH DATA ELEMENTS--ADDITIONAL MATERIAL CHARACTERISTICS--GENERAL INFORMATION
fixed length control field m||||fq||h 00| 0
008 - FIXED-LENGTH DATA ELEMENTS--GENERAL INFORMATION
fixed length control field 241008t1992 maua f 001 0 eng d
020 ## - INTERNATIONAL STANDARD BOOK NUMBER
International Standard Book Number 0201555727
020 ## - INTERNATIONAL STANDARD BOOK NUMBER
International Standard Book Number 9780201555721
035 ## - SYSTEM CONTROL NUMBER
System control number (OCoLC)26649921
040 ## - CATALOGING SOURCE
Original cataloging agency EG-ScBUE
Language of cataloging eng
Description conventions rda
Transcribing agency EG-ScBUE
Modifying agency EG-ScBUE
082 04 - DEWEY DECIMAL CLASSIFICATION NUMBER
Classification number 515.078
Item number FIN
Edition number 22
100 1# - MAIN ENTRY--PERSONAL NAME
Personal name Finch, James K.,
Relator term author.
245 10 - TITLE STATEMENT
Title Exploring calculus with mathematica for the macintosh interface /
Statement of responsibility, etc James K. Finch, Millianne Lehmann, University of San Francisco.
264 #1 - PUBLICATION, DISTRIBUTION, ETC. (IMPRINT)
Place of publication, distribution, etc Reading, Massachusetts :
Name of publisher, distributor, etc Addison-Wesley Publishing Company,
Date of publication, distribution, etc [1992]
264 #4 - PUBLICATION, DISTRIBUTION, ETC. (IMPRINT)
Date of publication, distribution, etc c1992
300 ## - PHYSICAL DESCRIPTION
Extent x, 341 pages :
Other physical details illustrations ;
Dimensions 24 cm +
Accompanying material 1 computer disk
336 ## - CONTENT TYPE
Source rdacontent
Content type term text
Content type code txt
336 ## - CONTENT TYPE
Source rdacontent
Content type term sounds
Content type code snd
337 ## - MEDIA TYPE
Media type term unmediated
Source rdamedia
Media type code n
337 ## - MEDIA TYPE
Media type term computer
Source rdamedia
Media type code c
338 ## - CARRIER TYPE
Carrier type term volume
Carrier type code nc
Source rdacarrier
338 ## - CARRIER TYPE
Carrier type term computer disc
Carrier type code cd
Source rdacarrier
500 ## - GENERAL NOTE
General note System requirements for computer disk: Macintosh computer; System operating system; Mathematica 2.0.
500 ## - GENERAL NOTE
General note "For use with Mathematica version 2.0"--Label on computer disk.
500 ## - GENERAL NOTE
General note Includes index.
500 ## - GENERAL NOTE
General note Includes appendix.<br/>
650 #7 - SUBJECT ADDED ENTRY--TOPICAL TERM
Topical term or geographic name as entry element Calculus
General subdivision Data processing.
Source of heading or term BUEsh
655 ## - INDEX TERM--GENRE/FORM
Form subdivision Reading book
700 1# - ADDED ENTRY--PERSONAL NAME
Personal name Lehmann, Millianne,
Relator term author.
942 ## - ADDED ENTRY ELEMENTS (KOHA)
Koha item type Book - Borrowing
Source of classification or shelving scheme Dewey Decimal Classification
Holdings
Withdrawn status Lost status Source of classification or shelving scheme Damaged status Not for loan Collection code Home library Current library Shelving location Date acquired Source of acquisition Total Checkouts Full call number Barcode Date last seen Price effective from Koha item type
    Dewey Decimal Classification     Alahram Central Library Central Library First floor 23/08/2007 Purchase   515.078 FIN 000005208 15/07/2025 23/08/2007 Book - Borrowing
    Dewey Decimal Classification     Alahram Central Library Central Library First floor 08/10/2024 Purchase   515.078 FIN 000057177 08/10/2024 08/10/2024 CD | DVD - With book